GP Monako F1 - zwycięzcy - Statystyki

Ogólne statystyki
  • Ten quiz został rozwiązany 49 razy
  • Średni wynik to 51 z 71
Statystyki odpowiedzi
Rok Narodowość Zespół Kierowca % Poprawnych
2008 Wielka Brytania Mclaren Lewis Hamilton
97%
2016 Wielka Brytania Mercedes Lewis Hamilton
97%
2019 Wielka Brytania Mercedes Lewis Hamilton
97%
1987 Brazylia Lotus Ayrton Senna
94%
1989 Brazylia Mclaren Ayrton Senna
94%
1990 Brazylia Mclaren Ayrton Senna
94%
1991 Brazylia Mclaren Ayrton Senna
94%
1992 Brazylia Mclaren Ayrton Senna
94%
1993 Brazylia Mclaren Ayrton Senna
94%
2025 Wielka Brytania Mclaren Lando Norris
94%
2021 Holandia Red Bull Max Verstappen
94%
2023 Holandia Red Bull Max Verstappen
94%
1994 Niemcy Benetton Michael Schumacher
94%
1995 Niemcy Benetton Michael Schumacher
94%
1997 Niemcy Ferrari Michael Schumacher
94%
1999 Niemcy Ferrari Michael Schumacher
94%
2001 Niemcy Ferrari Michael Schumacher
94%
1984 Francja Mclaren Alain Prost
92%
1985 Francja Mclaren Alain Prost
92%
1986 Francja Mclaren Alain Prost
92%
1988 Francja Mclaren Alain Prost
92%
2024 Monako Ferrari Charles Leclerc
92%
1983 Finlandia Williams Keke Rosberg
92%
2013 Niemcy Mercedes Nico Rosberg
92%
2014 Niemcy Mercedes Nico Rosberg
92%
2015 Niemcy Mercedes Nico Rosberg
92%
1975 Austria Ferrari Niki Lauda
92%
1976 Austria Ferrari Niki Lauda
92%
2011 Niemcy Red Bull Sebastian Vettel
92%
2017 Niemcy Ferrari Sebastian Vettel
92%
2022 Meksyk Red Bull Sergio Perez
92%
2006 Hiszpania Renault Fernando Alonso
89%
2007 Hiszpania Mclaren Fernando Alonso
89%
2009 Wielka Brytania Brawn GP Jenson Button
89%
2005 Finlandia Mclaren Kimi Raikkonen
89%
2010 Australia Red Bull Mark Webber
89%
2012 Australia Red Bull Mark Webber
89%
2018 Australia Red Bull Daniel Ricciardo
86%
1950 Argentyna Alfa Romeo Juan Manuel Fangio
78%
1957 Argentyna Maserati Juan Manuel Fangio
78%
2003 Kolumbia Williams Juan-Pablo Montoya
75%
1998 Finlandia Mclaren Mika Hakkinen
75%
2004 Włochy Renault Jarno Trulli
67%
1963 Wielka Brytania BRM Graham Hill
64%
1964 Wielka Brytania BRM Graham Hill
64%
1965 Wielka Brytania BRM Graham Hill
64%
1968 Wielka Brytania Lotus Graham Hill
64%
1969 Wielka Brytania Lotus Graham Hill
64%
1959 Australia Cooper Jack Brabham
58%
2000 Wielka Brytania Mclaren David Coulthard
56%
2002 Wielka Brytania Mclaren David Coulthard
56%
1966 Wielka Brytania BRM Jackie Stewart
56%
1971 Wielka Brytania Tyrrell Jackie Stewart
56%
1973 Wielka Brytania Tyrrell Jackie Stewart
56%
1977 RPA Wolf Jody Scheckter
53%
1979 RPA Ferrari Jody Scheckter
53%
1996 Francja Ligier Olivier Panis
47%
1981 Kanada Ferrari Gilles Villeneuve
44%
1970 Austria Lotus Jochen Rindt
42%
1956 Wielka Brytania Maserati Stirling Moss
42%
1960 Wielka Brytania Lotus Stirling Moss
42%
1961 Wielka Brytania Lotus Stirling Moss
42%
1962 Nowa Zelandia Cooper Bruce Mclaren
39%
1980 Argentyna Williams Carlos Reutemann
39%
1967 Nowa Zelandia Brabham Denny Hulme
39%
1974 Szwecja Lotus Ronnie Peterson
36%
1982 Włochy Brabham Ricardo Patrese
25%
1978 Francja Tyrrell Patrick Depailler
14%
1955 Francja Ferrari Maurice Trintignant
8%
1972 Francja BRM Jean-Pierre Beltoise
6%
1958 Francja Cooper Maurice Trintignant
3%
Nie znaleziono quizów pasujących do podanych kryteriów
Rozkład punktacji
Procent ludzi z każdym wynikiem
Percentyl według liczby udzielonych odpowiedzi
Twoja historia wyników
Nie rozwiązałeś tego quizu